Fundamentals of anatomy and physiology.(2nd ed.) (Record no. 63883)

MARC details
000 -LEADER
fixed length control field 00894nam a2200205 a 4500
008 - FIXED-LENGTH DATA ELEMENTS--GENERAL INFORMATION
fixed length control field 150812s1992 ||||||||||||||||| || u
020 ## - INTERNATIONAL STANDARD BOOK NUMBER
International Standard Book Number 9780133371895
050 ## - LIBRARY OF CONGRESS CALL NUMBER
Classification number QP 34.5 Mar
100 ## - MAIN ENTRY--PERSONAL NAME
Personal name Martini, Frederic
245 10 - TITLE STATEMENT
Title Fundamentals of anatomy and physiology.(2nd ed.)
Statement of responsibility, etc. by Frederic Martini
250 ## - EDITION STATEMENT
Edition statement 2nd ed.
260 ## - PUBLICATION, DISTRIBUTION, ETC.
Place of publication, distribution, etc. New Jersey
Name of publisher, distributor, etc. Prentice Hall
Date of publication, distribution, etc. 1992
300 ## - PHYSICAL DESCRIPTION
Extent vii, 623p.
350 ## -
-- 84.99
650 #0 - SUBJECT ADDED ENTRY--TOPICAL TERM
Topical term or geographic name entry element BIOLOGY
650 ## - SUBJECT ADDED ENTRY--TOPICAL TERM
Topical term or geographic name entry element HUMAN PHYSIOLOGY--TEXTBOOK
650 ## - SUBJECT ADDED ENTRY--TOPICAL TERM
Topical term or geographic name entry element HUMAN ANATOMY--TEXTBOOK
995 ## -
-- MEDICAL LIBRARY OPEN ACCESS
-- 903059
-- CBU-SCHOOL OF MEDICINE LIBRARY (Ndola)
-- 84.99
-- QP 34.5 Mar
-- 2
-- AVAILABLE
-- Sep 7, 2015
-- 903059
-- Medical Library Open Access Collection
995 ## -
-- MICHAEL CHILUFYA SATA OPEN ACCESS
-- 903058
-- CBU-SCHOOL OF MEDICINE LIBRARY (Ndola)
-- 84.99
-- QP 34.5 Mar
-- 1
-- AVAILABLE
-- Sep 7, 2015
-- 903058
-- Medical Library Open Access Collection
999 ## -
-- 63883
-- 63883
Holdings
Withdrawn status Lost status Source of classification or shelving scheme Damaged status Not for loan Permanent Location Current Location Shelving location Date acquired Total Checkouts Full call number Barcode Date last seen Copy number Price effective from Koha item type
          CBU-MICHAEL CHILUFYA SATA LIBRARY CBU-MICHAEL CHILUFYA SATA LIBRARY   02/01/2023   QP 34.5 Mar 903058 02/01/2023 2 02/01/2023 MONOGRAPH
          CBU-SCHOOL OF MEDICINE LIBRARY, NDOLA. CBU-SCHOOL OF MEDICINE LIBRARY, NDOLA.   02/01/2023   QP 34.5 Mar 903059 02/01/2023 1 02/01/2023 MONOGRAPH